Statistiques concernant les années scolaires de la pire à la meilleure

Cliquez ici pour prendre le quiz!

Statistiques générales

  • Ce quiz a été pris 92 fois
  • Le résultat moyen est 11 sur 12

Statistiques - réponses

Topannées scolaire% Correct
12 (la pire)CE2
98%
7CM2
98%
8CP
98%
11CE1
96%
10CM1
96%
2Terminal
95%
1 (la meilleure)Seconde
91%
4Première
90%
9Quatrième
84%
6Sixième
84%
3Troisième
84%
5Cinquième
83%

Distribution des résultats

Percentile par nombre de réponses

% des personnes avec chaque résultat

Votre développement - résultats

Vous n’avez pas pris ce quiz